[Event "SVK-chT1W 1718"]
[Site "Slovakia"]
[Date "2018.02.03"]
[Round "7.5"]
[White "Kimerling, Martin"]
[Black "Kolcak, Marek"]
[Result "1/2-1/2"]
[WhiteElo "2103"]
[BlackElo "2184"]
[PlyCount "60"]
[EventDate "2017.10.21"]
[EventType "team-tourn"]
[EventRounds "11"]
[EventCountry "SVK"]
[SourceTitle "EXT 2019"]
[Source "ChessBase"]
[SourceDate "2018.10.10"]
[SourceVersion "1"]
[SourceVersionDate "2018.10.10"]
[SourceQuality "1"]
[WhiteTeam "Bratislava KSN"]
[BlackTeam "Bratislava Slovan II"]
[WhiteTeamCountry "SVK"]
[BlackTeamCountry "SVK"]

1. d4 d5 2. c4 dxc4 3. e3 Nf6 4. Bxc4 a6 5. Nf3 e6 6. 0-0 c5 7. Qe2 b5 8. Bb3 c4 9. Bc2 Nc6 10. a4 Bb7 11. Nc3 Qb6 12. Rd1 Rd8 13. axb5 axb5 14. b3 Bb4 15. Na2 cxb3 16. Nxb4 bxc2 17. Nxc2 0-0 18. Bd2 Ra8 19. Nb4 Na5 20. Ne5 Rfc8 21. f3 Nc4 22. Rxa8 Bxa8 23. Rc1 Nd6 24. Rxc8+ Nxc8 25. Qd3 Nd6 26. Qc3 Nd5 27. Nxd5 Bxd5 28. Qc5 Qxc5 29. dxc5 Nc4 30. Nxc4 bxc4 1/2-1/2

[Event "SVK-chT1W 1718"]
[Site "Slovakia"]
[Date "2017.11.04"]
[Round "3.6"]
[White "Podoba, Milan"]
[Black "Kimerling, Martin"]
[Result "0-1"]
[WhiteElo "2044"]
[BlackElo "2103"]
[PlyCount "102"]
[EventDate "2017.10.21"]
[EventType "team-tourn"]
[EventRounds "11"]
[EventCountry "SVK"]
[SourceTitle "CBM 181 Extra"]
[Source "ChessBase"]
[SourceDate "2017.12.12"]
[SourceVersion "1"]
[SourceVersionDate "2017.12.12"]
[SourceQuality "1"]
[WhiteTeam "Dubnica nad Vahom II"]
[BlackTeam "Bratislava KSN"]
[WhiteTeamCountry "SVK"]
[BlackTeamCountry "SVK"]

1. e4 d6 2. d4 Nf6 3. Nc3 g6 4. f4 Bg7 5. Bd3 0-0 6. Nf3 c5 7. dxc5 dxc5 8. 0-0 Nc6 9. e5 Nd5 10. Nxd5 Qxd5 11. Qe2 Bg4 12. c3 Rad8 13. Be4 Qd7 14. Be3 b6 15. Rad1 Qc7 16. h3 Bc8 17. Ng5 e6 18. Bf3 Ne7 19. Ne4 Bb7 20. Rxd8 Rxd8 21. Rd1 Nd5 22. Bc1 Bc6 23. Qd3 Rd7 24. Qe2 Qd8 25. Nf2 Ba4 26. Rf1 Qh4 27. Kh2 h5 28. g3 Qd8 29. c4 Nb4 30. b3 Bc6 31. Bxc6 Nxc6 32. Be3 Nd4 33. Bxd4 Rxd4 34. Rd1 h4 35. g4 g5 36. fxg5 Rxd1 37. Qxd1 Bxe5+ 38. Kg2 Qxg5 39. Qf3 Qd2 40. Qa8+ Kg7 41. a4 Bd4 42. Qf3 Qxf2+ 43. Qxf2 Bxf2 44. Kxf2 Kf6 45. Kf3 Kg5 46. Ke4 f6 47. Ke3 f5 48. gxf5 exf5 49. Kf3 f4 50. Ke4 a5 51. Kf3 Kf5 0-1

[Event "SVK-chT1W 1617"]
[Site "Slovakia"]
[Date "2017.02.26"]
[Round "9.6"]
[White "Pinter, Patrik"]
[Black "Kimerling, Martin"]
[Result "1-0"]
[WhiteElo "2154"]
[BlackElo "2132"]
[PlyCount "79"]
[EventDate "2016.10.15"]
[EventType "team-tourn"]
[EventRounds "11"]
[EventCountry "SVK"]
[SourceTitle "EXT 2018"]
[Source "ChessBase"]
[SourceDate "2017.10.13"]
[SourceVersion "1"]
[SourceVersionDate "2017.10.13"]
[SourceQuality "1"]
[WhiteTeam "Nitra NSK"]
[BlackTeam "Bratislava KSN"]
[WhiteTeamCountry "SVK"]
[BlackTeamCountry "SVK"]

1. e4 Nf6 2. e5 Nd5 3. d4 d6 4. exd6 cxd6 5. Nf3 Bg4 6. Be2 e6 7. 0-0 Be7 8. c4 Nf6 9. Nc3 0-0 10. Be3 a6 11. Qd2 Nbd7 12. Rfd1 Rc8 13. b3 d5 14. c5 Ne4 15. Qc2 Nxc3 16. Qxc3 Bf6 17. Qd2 Re8 18. Rac1 h6 19. b4 Nb8 20. h3 Bh5 21. a3 Nc6 22. g4 Bg6 23. Bf1 Be4 24. Bg2 e5 25. dxe5 Nxe5 26. Nxe5 Rxe5 27. f3 Bg6 28. f4 Re7 29. f5 Bh7 30. Bxd5 Qe8 31. Bf4 Re2 32. Qd3 Rd8 33. Qc4 g5 34. Bxf7+ Qxf7 35. Rxd8+ Bxd8 36. Qxe2 gxf4 37. Re1 Bh4 38. Qe8+ Kg7 39. Qxf7+ Kxf7 40. Re6 1-0

[Event "SVK-chT1W 1617"]
[Site "Slovakia"]
[Date "2017.02.25"]
[Round "8.6"]
[White "Kimerling, Martin"]
[Black "Stehlik, Peter"]
[Result "1/2-1/2"]
[WhiteElo "2132"]
[BlackElo "2032"]
[PlyCount "64"]
[EventDate "2016.10.15"]
[EventType "team-tourn"]
[EventRounds "11"]
[EventCountry "SVK"]
[SourceTitle "EXT 2018"]
[Source "ChessBase"]
[SourceDate "2017.10.13"]
[SourceVersion "1"]
[SourceVersionDate "2017.10.13"]
[SourceQuality "1"]
[WhiteTeam "Bratislava KSN"]
[BlackTeam "Nitra ASK"]
[WhiteTeamCountry "SVK"]
[BlackTeamCountry "SVK"]

1. d4 d5 2. c4 c6 3. Nf3 Nf6 4. e3 e6 5. b3 Nbd7 6. Bd3 Bd6 7. Bb2 0-0 8. 0-0 Re8 9. Ne5 Qc7 10. f4 a5 11. Nd2 g6 12. Qf3 Bb4 13. Rad1 a4 14. Bb1 Re7 15. g4 Bxd2 16. Rxd2 axb3 17. axb3 Qb6 18. f5 Nxe5 19. dxe5 Ne4 20. Bxe4 dxe4 21. Qg3 Re8 22. fxg6 fxg6 23. Qf4 Qc7 24. Bd4 b5 25. Bb6 Qg7 26. Qxe4 Bb7 27. Rdf2 c5 28. Qf4 bxc4 29. bxc4 Rf8 30. Qxf8+ Rxf8 31. Rxf8+ Qxf8 32. Rxf8+ Kxf8 1/2-1/2

[Event "SVK-chT2A 1516"]
[Site "Slovakia"]
[Date "2016.03.12"]
[Round "10.4"]
[White "Polasek, Filip"]
[Black "Kimerling, Martin"]
[Result "0-1"]
[WhiteElo "2091"]
[BlackElo "2128"]
[PlyCount "86"]
[EventDate "2015.10.17"]
[EventType "team-tourn"]
[EventRounds "11"]
[EventCountry "SVK"]
[SourceTitle "EXT 2017"]
[Source "ChessBase"]
[SourceDate "2016.10.25"]
[SourceVersion "1"]
[SourceVersionDate "2016.10.25"]
[SourceQuality "1"]
[WhiteTeam "Osuske II"]
[BlackTeam "Bratislava KSN"]
[WhiteTeamCountry "SVK"]
[BlackTeamCountry "SVK"]

1. e4 d6 2. d4 Nf6 3. Nc3 g6 4. Nf3 Bg7 5. Be3 c6 6. Qd2 b5 7. Bd3 Bb7 8. 0-0 Nbd7 9. Bh6 0-0 10. Bxg7 Kxg7 11. e5 Ne8 12. Rfe1 Nc7 13. e6 Nxe6 14. Rxe6 fxe6 15. Ng5 Rf6 16. Nce4 Nf8 17. Re1 Qd7 18. Nxf6 exf6 19. Ne4 Rd8 20. c4 a6 21. Re3 e5 22. dxe5 dxe5 23. Nc5 Qe7 24. Nxb7 Qxb7 25. cxb5 cxb5 26. Qc2 Ne6 27. Be4 Qd7 28. h4 Nd4 29. Qc5 Rc8 30. Qb6 Rc1+ 31. Kh2 Qg4 32. g3 Nf5 33. Bf3 Qc4 34. Qb7+ Kh6 35. Re2 Nd4 36. Rd2 Qb4 37. Rd3 Qe1 38. Bg2 Qg1+ 39. Kh3 Qxf2 40. Qf7 Qf5+ 41. g4 Qxd3+ 42. Kh2 Nf5 43. gxf5 Qxf5 0-1

[Event "SVK-chT2A 1516"]
[Site "Slovakia"]
[Date "2016.02.14"]
[Round "9.5"]
[White "Kimerling, Martin"]
[Black "Vepy, Ivan"]
[Result "1-0"]
[WhiteElo "2128"]
[BlackElo "1952"]
[PlyCount "65"]
[EventDate "2015.10.17"]
[EventType "team-tourn"]
[EventRounds "11"]
[EventCountry "SVK"]
[SourceTitle "EXT 2017"]
[Source "ChessBase"]
[SourceDate "2016.10.25"]
[SourceVersion "1"]
[SourceVersionDate "2016.10.25"]
[SourceQuality "1"]
[WhiteTeam "Bratislava KSN"]
[BlackTeam "Skalica"]
[WhiteTeamCountry "SVK"]
[BlackTeamCountry "SVK"]

1. d4 Nf6 2. c4 e6 3. Nc3 d5 4. cxd5 exd5 5. Bg5 Be7 6. e3 0-0 7. Bd3 h6 8. Bf4 Bd6 9. Bg3 c6 10. Nge2 Bg4 11. 0-0 Nh5 12. Bxd6 Qxd6 13. f3 Be6 14. e4 Nf4 15. e5 Nxe2+ 16. Qxe2 Qd7 17. g4 c5 18. dxc5 a6 19. Kh1 Nc6 20. Rad1 Rae8 21. Bb1 Qc7 22. f4 d4 23. Qe4 g6 24. Nd5 Bxd5 25. Qxd5 Rd8 26. Qf3 Qe7 27. Qh3 Kg7 28. f5 Qxe5 29. Rde1 Qxc5 30. f6+ Kh7 31. Rf5 Qb4 32. Ref1 Rfe8 33. Rh5 1-0

[Event "SVK-chT2A 1415"]
[Site "Slovakia"]
[Date "2015.03.08"]
[Round "11.3"]
[White "Kimerling, Martin"]
[Black "Slacky, Stanislav"]
[Result "1-0"]
[WhiteElo "2157"]
[BlackElo "2191"]
[PlyCount "75"]
[EventDate "2014.10.11"]
[EventType "team-tourn"]
[EventRounds "11"]
[EventCountry "SVK"]
[SourceTitle "EXT 2016"]
[Source "ChessBase"]
[SourceDate "2015.10.08"]
[SourceVersion "1"]
[SourceVersionDate "2015.10.08"]
[SourceQuality "1"]
[WhiteTeam "Bratislava KSN"]
[BlackTeam "Bratislava Lokomotiva"]
[WhiteTeamCountry "SVK"]
[BlackTeamCountry "SVK"]

1. d4 Nc6 2. Nf3 d6 3. c4 g6 4. g3 Bg7 5. Bg2 Nf6 6. Nc3 0-0 7. 0-0 Bg4 8. h3 Bf5 9. d5 Nb4 10. Nd4 Bd7 11. e4 c6 12. Be3 cxd5 13. cxd5 Qc8 14. Kh2 Qc4 15. Qd2 Qd3 16. Rfd1 Qxd2 17. Rxd2 Na6 18. f4 Nc5 19. Re1 Rac8 20. e5 Nh5 21. e6 Be8 22. g4 Bxd4 23. Rxd4 Ng7 24. Bf2 fxe6 25. Bh4 Rf7 26. Rd2 Bd7 27. dxe6 Bxe6 28. Nd5 Kf8 29. b4 Nd7 30. Rde2 Nf6 31. Nxf6 exf6 32. Rxe6 Nxe6 33. Rxe6 Rc2 34. Bxf6 Rd7 35. Kg3 Rxg2+ 36. Kxg2 Kf7 37. f5 d5 38. Bd4 1-0

[Event "SVK-chT2A 1415"]
[Site "Slovakia"]
[Date "2015.03.07"]
[Round "10.3"]
[White "Janos, Jozef"]
[Black "Kimerling, Martin"]
[Result "1-0"]
[WhiteElo "2151"]
[BlackElo "2157"]
[PlyCount "75"]
[EventDate "2014.10.11"]
[EventType "team-tourn"]
[EventRounds "11"]
[EventCountry "SVK"]
[SourceTitle "EXT 2016"]
[Source "ChessBase"]
[SourceDate "2015.10.08"]
[SourceVersion "1"]
[SourceVersionDate "2015.10.08"]
[SourceQuality "1"]
[WhiteTeam "Bratislava DP"]
[BlackTeam "Bratislava KSN"]
[WhiteTeamCountry "SVK"]
[BlackTeamCountry "SVK"]

1. e4 d6 2. d4 Nf6 3. Nc3 e5 4. Nf3 Nbd7 5. Be2 Be7 6. 0-0 0-0 7. a4 c6 8. h3 h6 9. Be3 Re8 10. Qd2 Qc7 11. Rfd1 Nf8 12. Bc4 Ng6 13. Bb3 Nh5 14. Ne2 Bf8 15. d5 c5 16. c4 Qd8 17. Ng3 Nhf4 18. Kh2 Qf6 19. Ng1 Nh4 20. Bxf4 exf4 21. Nh5 Qe5 22. Nxf4 g5 23. g3 gxf4 24. gxh4 f3+ 25. Kh1 Bg7 26. Bc2 Qf6 27. Qe3 Qxh4 28. Qxf3 Be5 29. Qg2+ Kh8 30. Nf3 Qh5 31. Nxe5 Qxe5 32. Rg1 Bd7 33. f4 Qxb2 34. e5 Rg8 35. Qe4 Rg6 36. Rxg6 fxg6 37. Qxg6 Qxa1+ 38. Kh2 1-0

[Event "SVK-chT1W 1415"]
[Site "Slovakia"]
[Date "2015.03.01"]
[Round "9.3"]
[White "Kimerling, Martin"]
[Black "Lakatos, Vladimir"]
[Result "1-0"]
[WhiteElo "2157"]
[BlackElo "2121"]
[PlyCount "149"]
[EventDate "2014.10.18"]
[EventType "team-tourn"]
[EventRounds "11"]
[EventCountry "SVK"]
[SourceTitle "EXT 2016"]
[Source "ChessBase"]
[SourceDate "2015.10.08"]
[SourceVersion "1"]
[SourceVersionDate "2015.10.08"]
[SourceQuality "1"]
[WhiteTeam "Osuske"]
[BlackTeam "Prievidza SK"]
[WhiteTeamCountry "SVK"]
[BlackTeamCountry "SVK"]

1. d4 Nf6 2. c4 c5 3. d5 b5 4. cxb5 a6 5. f3 d6 6. e4 axb5 7. Na3 b4 8. Nc4 Nbd7 9. Bd2 g6 10. a3 bxa3 11. Rxa3 Rxa3 12. bxa3 Qc7 13. Ne2 Bg7 14. Nc3 0-0 15. Be2 Nb6 16. Nb5 Qb8 17. Na5 Bd7 18. a4 Ne8 19. 0-0 Nc7 20. Nc6 Bxc6 21. dxc6 Nxb5 22. axb5 Bd4+ 23. Kh1 Qa7 24. Qb3 Ra8 25. Bc4 e6 26. Rb1 Kf8 27. f4 Qe7 28. f5 gxf5 29. Bh6+ Bg7 30. Bxg7+ Kxg7 31. exf5 d5 32. Qg3+ Kh8 33. Bd3 e5 34. f6 Qxf6 35. Rf1 Qg7 36. Qh3 e4 37. Be2 d4 38. Bg4 d3 39. c7 Ra1 40. Bd1 Qg5 41. c8Q+ Nxc8 42. Qxc8+ Kg7 43. Qc7 Qd5 44. b6 Rb1 45. h3 c4 46. Be2 Rb2 47. Bh5 Qxh5 48. b7 d2 49. Qg3+ Kh6 50. Rf6+ Qg6 51. Rxg6+ hxg6 52. Qf4+ g5 53. Qd6+ Kh7 54. b8Q Rxb8 55. Qxd2 Rb1+ 56. Kh2 Kg6 57. Qc2 Rf1 58. Qxe4+ f5 59. Qxc4 Rf4 60. Qe6+ Kh5 61. Qf7+ Kh6 62. Qf6+ Kh5 63. Qg7 g4 64. Qh7+ Kg5 65. h4+ Kf6 66. h5 Rf1 67. Qg6+ Ke5 68. h6 Kf4 69. g3+ Ke3 70. Qe6+ Kd2 71. h7 Rf2+ 72. Kg1 Rf3 73. h8Q Rxg3+ 74. Kf2 Rf3+ 75. Kg2 1-0

[Event "SVK-chT2A 1415"]
[Site "Slovakia"]
[Date "2015.02.15"]
[Round "9.3"]
[White "Kimerling, Martin"]
[Black "Kavon, Rastislav"]
[Result "1-0"]
[WhiteElo "2157"]
[BlackElo "2153"]
[PlyCount "77"]
[EventDate "2014.10.11"]
[EventType "team-tourn"]
[EventRounds "11"]
[EventCountry "SVK"]
[SourceTitle "EXT 2016"]
[Source "ChessBase"]
[SourceDate "2015.10.08"]
[SourceVersion "1"]
[SourceVersionDate "2015.10.08"]
[SourceQuality "1"]
[WhiteTeam "Bratislava KSN"]
[BlackTeam "Trnava Modranka"]
[WhiteTeamCountry "SVK"]
[BlackTeamCountry "SVK"]

1. d4 Nf6 2. c4 g6 3. g3 Bg7 4. Bg2 0-0 5. Nc3 d6 6. Nf3 c6 7. 0-0 Qa5 8. e4 e5 9. h3 Re8 10. Be3 Nbd7 11. Qc2 Qc7 12. Rad1 b6 13. Rd2 Bb7 14. Rfd1 Rad8 15. b4 Ba6 16. c5 dxc5 17. dxc5 Bf8 18. cxb6 axb6 19. Qa4 Bb7 20. Qb3 h6 21. Nh4 g5 22. Nf5 Nb8 23. Qc4 Na6 24. Bf3 b5 25. Nxb5 cxb5 26. Qxc7 Nxc7 27. Rxd8 Rxd8 28. Rxd8 Ne6 29. Rb8 Bxe4 30. Bxe4 Nxe4 31. Nxh6+ Kg7 32. Ng4 Bxb4 33. Rxb5 Bd6 34. a4 f5 35. Nxe5 N6c5 36. Nc4 Nxa4 37. Nxd6 Nxd6 38. Bd4+ Kg6 39. Rb4 1-0

[Event "SVK-chT1W 1415"]
[Site "Slovakia"]
[Date "2014.11.30"]
[Round "4.5"]
[White "Polacik, Igor"]
[Black "Kimerling, Martin"]
[Result "0-1"]
[WhiteElo "2173"]
[BlackElo "2157"]
[PlyCount "78"]
[EventDate "2014.10.18"]
[EventType "team-tourn"]
[EventRounds "11"]
[EventCountry "SVK"]
[SourceTitle "EXT 2016"]
[Source "ChessBase"]
[SourceDate "2015.10.08"]
[SourceVersion "1"]
[SourceVersionDate "2015.10.08"]
[SourceQuality "1"]
[WhiteTeam "Topolciansky CVC"]
[BlackTeam "Osuske"]
[WhiteTeamCountry "SVK"]
[BlackTeamCountry "SVK"]

1. d4 f5 2. c4 Nf6 3. Nc3 g6 4. g3 Bg7 5. Bg2 0-0 6. Nh3 d6 7. d5 c6 8. 0-0 e5 9. dxe6 Bxe6 10. Qb3 Qe7 11. Ng5 Bc8 12. Qc2 h6 13. Nf3 Be6 14. b3 Nbd7 15. Bb2 Ne5 16. Rad1 Rad8 17. Ba3 Nxf3+ 18. Bxf3 Rd7 19. Rd2 Rfd8 20. Rfd1 h5 21. h4 Ng4 22. e3 Be5 23. Ne2 g5 24. hxg5 Qxg5 25. Nf4 Bf7 26. Bb2 Bxb2 27. Qxb2 h4 28. gxh4 Qxh4 29. Qc2 Qg5 30. Bg2 Ne5 31. Kf1 Bh5 32. Ne6 Qg4 33. Nxd8 Rg7 34. f4 Nf3 35. Rf2 Nh2+ 36. Ke1 Qh4 37. Bf1 Rg1 38. Kd2 Qxf2+ 39. Kd3 Qxc2+ 0-1

[Event "SVK-chT1W 1415"]
[Site "Slovakia"]
[Date "2014.11.29"]
[Round "3.6"]
[White "Kimerling, Martin"]
[Black "Gorusa, Miroslav"]
[Result "1/2-1/2"]
[WhiteElo "2157"]
[BlackElo "2172"]
[PlyCount "77"]
[EventDate "2014.10.18"]
[EventType "team-tourn"]
[EventRounds "11"]
[EventCountry "SVK"]
[SourceTitle "EXT 2016"]
[Source "ChessBase"]
[SourceDate "2015.10.08"]
[SourceVersion "1"]
[SourceVersionDate "2015.10.08"]
[SourceQuality "1"]
[WhiteTeam "Osuske"]
[BlackTeam "Nitra NSK"]
[WhiteTeamCountry "SVK"]
[BlackTeamCountry "SVK"]

1. d4 d5 2. Nf3 Nf6 3. Bf4 e6 4. e3 Be7 5. Nbd2 Nbd7 6. Bd3 b6 7. Ne5 Nxe5 8. dxe5 Nd7 9. h4 Nc5 10. Be2 0-0 11. Nf3 f6 12. c3 Bd7 13. Qc2 Ba4 14. b3 Be8 15. h5 f5 16. Nd4 Qc8 17. f3 Nb7 18. Ba6 Bd7 19. 0-0-0 c5 20. Nb5 Bxb5 21. Bxb5 c4 22. bxc4 a6 23. Ba4 Qxc4 24. Bb3 Qc5 25. g4 Rac8 26. Rd3 b5 27. gxf5 Rxf5 28. Kd1 a5 29. Rxd5 exd5 30. Qxf5 Qxc3 31. Bc2 Qa1+ 32. Bb1 Qc3 33. Qxh7+ Kf8 34. Bc2 Bb4 35. Qf5+ Kg8 36. Qh7+ Kf8 37. Qf5+ Kg8 38. Qh7+ Kf8 39. Qf5+ 1/2-1/2

[Event "SVK-chT1W 1314"]
[Site "Slovakia"]
[Date "2014.03.22"]
[Round "10.5"]
[White "Bencik, Pavol"]
[Black "Kimerling, Martin"]
[Result "0-1"]
[WhiteElo "2023"]
[BlackElo "2109"]
[PlyCount "64"]
[EventDate "2013.10.12"]
[EventType "team-tourn"]
[EventRounds "11"]
[EventCountry "SVK"]
[SourceTitle "EXT 2015"]
[Source "ChessBase"]
[SourceDate "2014.11.20"]
[SourceVersion "1"]
[SourceVersionDate "2014.11.20"]
[SourceQuality "1"]
[WhiteTeam "Levice"]
[BlackTeam "Osuske"]
[WhiteTeamCountry "SVK"]
[BlackTeamCountry "SVK"]

1. e4 g6 2. d4 Bg7 3. Bg5 c5 4. Nf3 cxd4 5. Bc4 Nc6 6. Nbd2 h6 7. Bh4 d6 8. 0-0 Qc7 9. Bg3 Nf6 10. Nh4 Na5 11. Bd3 0-0 12. f4 Ng4 13. h3 Ne3 14. Qe2 Nxf1 15. Rxf1 Bd7 16. f5 g5 17. Nhf3 Nc6 18. h4 g4 19. Nh2 h5 20. Nxg4 hxg4 21. Qxg4 Ne5 22. Qh5 Nxd3 23. Nf3 f6 24. Ng5 fxg5 25. hxg5 Be8 26. g6 Rf6 27. cxd3 Bxg6 28. fxg6 Rxf1+ 29. Kxf1 Qc1+ 30. Ke2 Qe3+ 31. Kd1 Qxd3+ 32. Ke1 Qxg3+ 0-1

[Event "SVK-chT1W 1314"]
[Site "Slovakia"]
[Date "2013.10.13"]
[Round "2.4"]
[White "Kimerling, Martin"]
[Black "Lakatos, Vladimir"]
[Result "1-0"]
[WhiteElo "2109"]
[BlackElo "2158"]
[PlyCount "67"]
[EventDate "2013.10.12"]
[EventType "team-tourn"]
[EventRounds "11"]
[EventCountry "SVK"]
[SourceTitle "EXT 2015"]
[Source "ChessBase"]
[SourceDate "2014.11.20"]
[SourceVersion "1"]
[SourceVersionDate "2014.11.20"]
[SourceQuality "1"]
[WhiteTeam "Osuske"]
[BlackTeam "Prievidza"]
[WhiteTeamCountry "SVK"]
[BlackTeamCountry "SVK"]

1. d4 Nf6 2. c4 c5 3. d5 b5 4. cxb5 a6 5. b6 Qxb6 6. Nc3 d6 7. a4 a5 8. e4 Ba6 9. Bxa6 Nxa6 10. Nf3 g6 11. 0-0 Bg7 12. Nd2 Nb4 13. Nc4 Qb8 14. Qe2 0-0 15. Bg5 Re8 16. Rad1 Nd7 17. Nb5 Ne5 18. Ne3 Nd7 19. f4 Nb6 20. b3 Nc8 21. f5 Na7 22. Ng4 Nxb5 23. axb5 f6 24. Nh6+ Bxh6 25. Bxh6 Kf7 26. e5 dxe5 27. d6 e6 28. d7 Rd8 29. fxe6+ Ke7 30. Qf2 f5 31. Qxc5+ Kxe6 32. Bg5 Rxd7 33. Rxd7 Kxd7 34. Rd1+ 1-0

[Event "SVK-chT2A 1213"]
[Site "Slovakia"]
[Date "2013.03.17"]
[Round "11.5"]
[White "Kimerling, Martin"]
[Black "Petreje, Juraj"]
[Result "1/2-1/2"]
[WhiteElo "2027"]
[BlackElo "2150"]
[PlyCount "98"]
[EventDate "2012.10.13"]
[EventType "team-tourn"]
[EventRounds "11"]
[EventCountry "SVK"]
[SourceTitle "EXT 2015"]
[Source "ChessBase"]
[SourceDate "2014.11.20"]
[SourceVersion "1"]
[SourceVersionDate "2014.11.20"]
[SourceQuality "1"]
[WhiteTeam "Bratislava KSN"]
[BlackTeam "Krasnany"]
[WhiteTeamCountry "SVK"]
[BlackTeamCountry "SVK"]

1. d4 g6 2. c4 Bg7 3. g3 c5 4. d5 d6 5. Nc3 a6 6. Bg2 Nd7 7. Nf3 Ngf6 8. 0-0 0-0 9. h3 b5 10. cxb5 axb5 11. Nxb5 Ba6 12. Nc3 Nb6 13. Re1 Nfd7 14. e4 Qb8 15. Qc2 Nc4 16. Rb1 Nce5 17. Nxe5 Nxe5 18. Rd1 Nc4 19. b3 Qb4 20. bxc4 Qxc3 21. Qxc3 Bxc3 22. Bf1 Rfb8 23. Bg5 Kf8 24. Rxb8+ Rxb8 25. Rd3 Bg7 26. Rb3 Rxb3 27. axb3 Bc3 28. Be3 Ke8 29. f4 Kd8 30. Kf2 Kc7 31. Ke2 Kb6 32. Bd2 Bxd2 33. Kxd2 Bc8 34. g4 h6 35. e5 Ka5 36. Kc3 g5 37. fxg5 hxg5 38. exd6 exd6 39. Bd3 Bd7 40. Bf5 Be8 41. Bc8 f6 42. Bf5 Ka6 43. b4 cxb4+ 44. Kxb4 Kb6 45. Be4 Bd7 46. Bg6 Bc8 47. Bf5 Bb7 48. Be6 Ba6 49. Bd7 Bb7 1/2-1/2

[Event "Litomysl op 14th"]
[Site "Litomysl"]
[Date "2012.12.28"]
[Round "3"]
[White "Kimerling, Martin"]
[Black "Jasny, Stanislav"]
[Result "1/2-1/2"]
[WhiteElo "2047"]
[BlackElo "2303"]
[PlyCount "99"]
[EventDate "2012.12.26"]
[EventType "swiss"]
[EventRounds "9"]
[EventCountry "CZE"]
[SourceTitle "EXT 2014"]
[Source "ChessBase"]
[SourceDate "2013.11.20"]
[SourceVersion "1"]
[SourceVersionDate "2013.11.20"]
[SourceQuality "1"]

1. d4 Nf6 2. c4 e6 3. g3 Bb4+ 4. Nc3 0-0 5. Bg2 d5 6. Nf3 dxc4 7. Qa4 Nd5 8. 0-0 Bd7 9. Qc2 Be7 10. Ne5 Bc6 11. Nxc6 Nxc6 12. Rd1 Ncb4 13. Qb1 Rb8 14. a3 Nxc3 15. bxc3 Nd5 16. Qc2 b5 17. a4 a6 18. axb5 axb5 19. Ba3 Ra8 20. Bxe7 Qxe7 21. Qb2 c6 22. Rxa8 Rxa8 23. Ra1 Rxa1+ 24. Qxa1 g6 25. e4 Nb6 26. Qa5 Qb7 27. h4 h5 28. Bf3 Kg7 29. Kg2 Qb8 30. Qa3 Qf8 31. Qa5 Qb8 32. Qa3 Na4 33. e5 Qf8 34. Qc1 b4 35. cxb4 Qxb4 36. Qg5 c3 37. Bxh5 Qf8 38. Qf6+ Kg8 39. Bd1 Nb6 40. h5 Nd5 41. Qg5 Qg7 42. Bb3 gxh5 43. Qc1 Qg4 44. Bxd5 cxd5 45. Qxc3 h4 46. Qc8+ Kg7 47. Qd8 hxg3 48. Qf6+ Kg8 49. fxg3 Qxd4 50. Qg5+ 1/2-1/2

[Event "Piestany op"]
[Site "Piestany"]
[Date "2012.11.16"]
[Round "5"]
[White "Kimerling, Martin"]
[Black "Mikulas, Dusan"]
[Result "1/2-1/2"]
[WhiteElo "2027"]
[BlackElo "2102"]
[PlyCount "34"]
[EventDate "2012.11.12"]
[EventType "swiss"]
[EventRounds "8"]
[EventCountry "SVK"]
[SourceTitle "EXT 2023"]
[Source "ChessBase"]
[SourceDate "2022.10.05"]
[SourceVersion "1"]
[SourceVersionDate "2022.10.05"]
[SourceQuality "1"]

1. d4 d5 2. Nf3 Nf6 3. c4 e6 4. g3 Nbd7 5. Bg2 Be7 6. 0-0 0-0 7. Nbd2 c6 8. Qc2 Qc7 9. e4 dxe4 10. Nxe4 Nxe4 11. Qxe4 Nf6 12. Qc2 b6 13. Bf4 Bd6 14. Bg5 h6 15. c5 hxg5 16. cxd6 Qxd6 17. Nxg5 Bb7 1/2-1/2

[Event "Piestany op"]
[Site "Piestany"]
[Date "2012.11.12"]
[Round "1"]
[White "Kimerling, Martin"]
[Black "Mathon, Dimitrij"]
[Result "1-0"]
[WhiteElo "2027"]
[BlackElo "1702"]
[PlyCount "67"]
[EventDate "2012.11.12"]
[EventType "swiss"]
[EventRounds "8"]
[EventCountry "SVK"]
[SourceTitle "EXT 2023"]
[Source "ChessBase"]
[SourceDate "2022.10.05"]
[SourceVersion "1"]
[SourceVersionDate "2022.10.05"]
[SourceQuality "1"]

1. d4 d5 2. c4 e6 3. Nf3 c6 4. e3 Nf6 5. b3 Bb4+ 6. Nbd2 Ne4 7. Bd3 Nxd2 8. Bxd2 Bxd2+ 9. Qxd2 Nd7 10. 0-0 0-0 11. Qc2 f5 12. Rac1 Qf6 13. cxd5 exd5 14. b4 a6 15. a4 Nb8 16. Ne5 Bd7 17. Qc5 Qd8 18. f4 b5 19. Ra1 Be8 20. axb5 cxb5 21. Rfc1 Rf6 22. Qc8 Nd7 23. Qxd8 Rxd8 24. Nc6 Rxc6 25. Rxc6 Ne5 26. Rc3 Nxd3 27. Rxd3 Rc8 28. Rxa6 Rc1+ 29. Kf2 Rc2+ 30. Kg3 Bh5 31. Rda3 Be2 32. Ra8+ Kf7 33. R8a7+ Kf8 34. Rd7 1-0

[Event "Teplice op 7th"]
[Site "Teplice"]
[Date "2012.06.19"]
[Round "4"]
[White "Kimerling, Martin"]
[Black "Knudsen, Jes West"]
[Result "1-0"]
[WhiteElo "2100"]
[BlackElo "1890"]
[PlyCount "59"]
[EventDate "2012.06.16"]
[EventType "swiss"]
[EventRounds "9"]
[EventCountry "CZE"]
[SourceTitle "CBM 149 Extra"]
[Source "ChessBase"]
[SourceDate "2012.08.24"]
[SourceVersion "1"]
[SourceVersionDate "2012.08.24"]
[SourceQuality "1"]

1. d4 f5 2. Nf3 Nf6 3. Bf4 d6 4. h3 g6 5. e3 Bg7 6. Bc4 e6 7. g4 Qe7 8. gxf5 exf5 9. Nc3 Be6 10. d5 Bg8 11. Qe2 Nbd7 12. 0-0-0 Ne4 13. Nxe4 fxe4 14. Ng5 Qf6 15. c3 Nc5 16. Bb5+ Kd8 17. Qc2 a6 18. Be2 h6 19. Nxe4 Nxe4 20. Qxe4 g5 21. Bg3 Bh7 22. Qb4 b5 23. Qa5 b4 24. Qxb4 Ke7 25. Qc4 Ra7 26. h4 g4 27. h5 Qf5 28. Bd3 Qf3 29. Bxh7 Rxh7 30. Rh4 1-0